Southville International School and Colleges
Your cart is empty.
  • Cart
  • Lists
    Public lists Eva Luna New books Lux_list list_1
    Your lists Log in to create your own lists
  • Log in to your account
  • Your cookies
  • Search history
Southville International School and Colleges
  • Advanced search
  • Recent comments
  • Most popular
  • Libraries

Log in to your account

Log in with GOOGLE


If you do not have an external account, but do have a local account, you can still log in:

  1. Home
  2. MARC view: Forgotten voices of the second world war:
Normal view MARC view ISBD view

Forgotten voices of the second world war: (Record no. 360345)

[ view plain ]
MARC details
000 -LEADER
fixed length control field 00516nam a2200193Ia 4500
003 - CONTROL NUMBER IDENTIFIER
control field SISC
005 - DATE AND TIME OF LATEST TRANSACTION
control field 20190128095014.0
008 - FIXED-LENGTH DATA ELEMENTS--GENERAL INFORMATION
fixed length control field 190115s9999 xx 000 0 und d
020 ## - INTERNATIONAL STANDARD BOOK NUMBER
International Standard Book Number 9781856869522
100 ## - MAIN ENTRY--PERSONAL NAME
Personal name West, Timothy
245 ## - TITLE STATEMENT
Statement of responsibility, etc Timothy West
Title Forgotten voices of the second world war:
Remainder of title war at sea and in the air/
260 ## - PUBLICATION, DISTRIBUTION, ETC. (IMPRINT)
Place of publication, distribution, etc UK:
Name of publisher, distributor, etc Randon House Audio
Date of publication, distribution, etc 2004
300 ## - PHYSICAL DESCRIPTION
Extent 1 CD
500 ## - GENERAL NOTE
General note CD
650 ## - SUBJECT ADDED ENTRY--TOPICAL TERM
Topical term or geographic name as entry element Documentary, historical
650 ## - SUBJECT ADDED ENTRY--TOPICAL TERM
Topical term or geographic name as entry element World war
942 ## - ADDED ENTRY ELEMENTS (KOHA)
Source of classification or shelving scheme Library of Congress Classification
Koha item type Audio Visual Materials
Holdings
Withdrawn status Lost status Source of classification or shelving scheme Damaged status Home library Current library Shelving location Date acquired Source of acquisition Total Checkouts Full call number Barcode Date last seen Price effective from Koha item type
    Library of Congress Classification   Luxembourg Library Luxembourg Library Audio Visual Material Section 01/15/2019 Donation   CD 070.1 FOR 2004 AV0993 01/15/2019 01/15/2019 Audio Visual Materials

Forgotten voices of the second world war:

APA

West T., . (2004). Forgotten voices of the second world war. UK: Randon House Audio.

Chicago

West Timothy, . 2004. Forgotten voices of the second world war. UK: Randon House Audio.

Harvard

West T., . (2004). Forgotten voices of the second world war. UK: Randon House Audio.

MLA

West Timothy, . Forgotten voices of the second world war. UK: Randon House Audio. 2004.

  • Place hold
  • Print
  • Cite
  • Add to your cart (remove)
  • Save record
    BIBTEX Dublin Core MARCXML MARC (non-Unicode/MARC-8) MARC (Unicode/UTF-8) MARC (Unicode/UTF-8, Standard) MODS (XML) RIS
  • More searches
    Search for this title in:
    Other Libraries (WorldCat) Other Databases (Google Scholar) Online Stores (Bookfinder.com) Open Library (openlibrary.org)

Exporting to Dublin Core...

SOUTHVILLE LIBRARY

Southville International School and Colleges Library

1281 Tropical Ave. Cor. Luxembourg St., BF Homes International, Las Pinas City

Tel. No. 8256374 / 252358 Loc. 117/146

Powered by Koha